| 000 | 00473nam a2200193Ia 4500 | ||
|---|---|---|---|
| 008 | 170918s9999 xx 000 0 und d | ||
| 020 | _a9780545652261 | ||
| 050 | _bB175fi 2014 | ||
| 100 | _aBaldacci, David | ||
| 245 | 4 | _aThe finisher : | |
| 245 | _bthe revolution starts with her / | ||
| 245 | _cby David Baldacci. | ||
| 260 | _aNew York : | ||
| 260 | _bScholastic, | ||
| 260 | _c2014 | ||
| 300 | _a497 pages : | ||
| 300 | _billustrations ; | ||
| 300 | _c20cm. | ||
| 999 |
_c343547 _d343547 |
||